Off the shelf. (Record no. 60650)

MARC details
000 -LEADER
fixed length control field 00696cam a2200157 4500
001 - CONTROL NUMBER
control field ABS60972
008 - FIXED-LENGTH DATA ELEMENTS--GENERAL INFORMATION
fixed length control field 000000n1999 000 0 eng u
035 ## - SYSTEM CONTROL NUMBER
System control number (Sirsi) u101518
100 ## - MAIN ENTRY--PERSONAL NAME
Personal name Delargy, M.
245 ## - TITLE STATEMENT
Title Off the shelf.
260 ## - PUBLICATION, DISTRIBUTION, ETC.
Date of publication, distribution, etc. 1999
490 ## - SERIES STATEMENT
Series statement Building
Volume/sequential designation 264(8098) 23 July 1999, 58-59(2)
520 ## - SUMMARY, ETC.
Summary, etc. Examines a new Internet-based document handling system recently launched by Sainsbury's. JS Data Stream aims to reduce the cost of printing and distributing artwork by £1m a year. Although the system is not compulsory, all consultants working for Sainsbury's will be 'encouraged' to use it.
690 ## - LOCAL SUBJECT ADDED ENTRY--TOPICAL TERM (OCLC, RLIN)
Topical term or geographic name as entry element MANAGEMENT-BUSINESS MANAGEMENT-INFORMATION MANAGEMENT
942 ## - ADDED ENTRY ELEMENTS (KOHA)
Suppress in OPAC 0
Holdings
Withdrawn status Lost status Source of classification or shelving scheme Damaged status Not for loan Home library Current library Shelving location Date acquired Total Checkouts Full call number Barcode Date last seen Copy number Price effective from Koha item type
    Dewey Decimal Classification     London London Journal article 05/11/1999   ABS60972 101518-1001 06/08/2019 1 06/08/2019 Journal article